Tác động của kinh tế thị trường và hội nhập kinh tế quốc tế đối với quốc phòng, an ninh ở Việt Nam

Nội dung sách bao gồm: Phát triển kinh tế thị trưưòng theo xu hướng mở, chủ động hội nhập kinh tế quốc tế là tất yếu đối với Việt Nam, quốc phòng và an ninh ở Việt Nam dưới tác động của kinh tế thị trường, quan điểm và giải pháp đa...

Fuld beskrivelse

Đã lưu trong:
Bibliografiske detaljer
Hovedforfatter: Nguyễn, Văn Ngừng
Format: Bog
Sprog:Undetermined
Udgivet: Hà Nội Chính trị Quốc gia 2009
Fag:
Tags: Tilføj Tag
Ingen Tags, Vær først til at tagge denne postø!
Thư viện lưu trữ: Trung tâm Học liệu Trường Đại học Cần Thơ
LEADER 01264nam a2200205Ia 4500
001 CTU_143518
008 210402s9999 xx 000 0 und d
020 |c 32000 
082 |a 382 
082 |b Ng556 
100 |a Nguyễn, Văn Ngừng 
245 0 |a Tác động của kinh tế thị trường và hội nhập kinh tế quốc tế đối với quốc phòng, an ninh ở Việt Nam 
245 0 |c Nguyễn Văn Ngừng 
260 |a Hà Nội 
260 |b Chính trị Quốc gia 
260 |c 2009 
520 |a Nội dung sách bao gồm: Phát triển kinh tế thị trưưòng theo xu hướng mở, chủ động hội nhập kinh tế quốc tế là tất yếu đối với Việt Nam, quốc phòng và an ninh ở Việt Nam dưới tác động của kinh tế thị trường, quan điểm và giải pháp đẩy mạnh phát triển kinh tế kết hợp với tăng cường tiềm lực quốc phòng, an ninh ở nước ta. 
650 |a International economic relations,Quan hệ kinh tế quốc tế 
904 |i Tuyến 
980 |a Trung tâm Học liệu Trường Đại học Cần Thơ